00379nam a2200145Ia 4500008004100000020001500041041001200056082001600068100001700084245006300101260003300164300000800197650001400205700001400219221030s9999 xx 000 0 und d a8127202592 aEnglish a105.23bCha aS. K. Chadha 2aA Complete Course in Object Oriented Programming Using C++ bKalyani PubaNew Delhic2003 a690 aComputers aA. Chadha